000 00512nam a2200181 i 4500
001 94728
003 ES-MaACL
005 20230906181536.0
007 t|
008 050512s1973 sp ||||1| cat d
100 1 _aLowry, Malcolm.
_974391
245 1 0 _aSota el volca /
_cMalcolm Lowry; [traducció de Manuel de Pedrolo].
250 _a[1ª ed.].
260 _aBarcelona :
_bEdicions 62,
_c1973.
300 _a335 p. ;
_c20 cm.
700 1 _aPedrolo, Pedro de.
_989938
852 _aES-MaACL
_jC-54087
_bR.87085
999 _c94728
_d94728